| 000 | 00619nam a22001697a 4500 | ||
|---|---|---|---|
| 003 | NUST | ||
| 038 | _aNusrat Nadeem | ||
| 082 | _a200 | ||
| 100 |
_aArshad, Umm e Ammara _996853 |
||
| 245 |
_aModeling and Nonlinear Control of DC Microgrid having Hybrid Photoelectrochemical and Voltaic Cell, Fuel Cell and Energy Storage System / _cUmm e Ammara Arshad |
||
| 264 |
_aIslamabad : _bSEECS, NUST, _c2022. |
||
| 300 | _a37 p. ; | ||
| 650 |
_aMS-Electrical Engineering _923567 |
||
| 700 |
_aSupervisor: Dr. Iftikhar Ahmad Rana _996695 |
||
| 856 | _uhttp://10.250.8.41:8080/xmlui/handle/123456789/29503 | ||
| 942 |
_2ddc _cSC |
||
| 999 |
_c590901 _d590901 |
||